Assamar loka sanskriti (Record no. 2304)
[ view plain ]
| 000 -LEADER | |
|---|---|
| fixed length control field | 00479cam a2200193ua 4500 |
| 001 - CONTROL NUMBER | |
| control field | 2449 |
| 005 - DATE AND TIME OF LATEST TRANSACTION | |
| control field | 20260515113512.0 |
| 008 - FIXED-LENGTH DATA ELEMENTS--GENERAL INFORMATION | |
| fixed length control field | 110817n ii |||gr||||Z||||||asm |
| 040 ## - CATALOGING SOURCE | |
| Transcribing agency | MAIN |
| 082 ## - DEWEY DECIMAL CLASSIFICATION NUMBER | |
| Classification number | 398.054162 |
| 100 1# - MAIN ENTRY--PERSONAL NAME | |
| Personal name | Baruah, Birinchi Kr. , |
| 245 1# - TITLE STATEMENT | |
| Title | Assamar loka sanskriti |
| Statement of responsibility, etc. | by Birinchi kumar Baruah |
| 250 ## - EDITION STATEMENT | |
| Edition statement | 2nd. |
| 260 ## - PUBLICATION, DISTRIBUTION, ETC. | |
| Place of publication, distribution, etc. | Guahati: |
| Name of publisher, distributor, etc. | Bina Library,985. |
| 300 ## - PHYSICAL DESCRIPTION | |
| Extent | 242p: |
| Other physical details | ill; |
| Dimensions | 23cm. |
| 653 ## - INDEX TERM--UNCONTROLLED | |
| Uncontrolled term | Folklore |
| 653 ## - INDEX TERM--UNCONTROLLED | |
| Uncontrolled term | Assamese culture |
| 942 ## - ADDED ENTRY ELEMENTS (KOHA) | |
| Koha item type | Books |
| Withdrawn status | Lost status | Damaged status | Not for loan | Home library | Current library | Shelving location | Date acquired | Total checkouts | Full call number | Barcode | Date last seen | Date last checked out | Copy number | Price effective from | Koha item type |
|---|---|---|---|---|---|---|---|---|---|---|---|---|---|---|---|
| Naharkatiya College Library | Naharkatiya College Library | General stacks | 09/19/2020 | 1 | 398.054162 | BAR | 7600 | 06/26/2024 | 06/21/2024 | 1 | 09/19/2020 | Books |